[Event "Bundesliga 0102"]
[Site "Deutschland"]
[Date "2002.04.14"]
[Round "13.7"]
[White "Franke, Johannes"]
[Black "De Firmian, Nick E"]
[Result "1/2-1/2"]
[WhiteElo "2305"]
[BlackElo "2552"]
[PlyCount "68"]
[EventDate "2001.10.06"]
[EventType "team"]
[EventRounds "15"]
[EventCountry "GER"]
[SourceTitle "Bundesliga 0102"]
[Source "DeepChess"]
[SourceDate "2005.01.01"]
[SourceVersion "1"]
[SourceVersionDate "2005.01.01"]
[SourceQuality "1"]
[WhiteTeam "SV Wattenscheid 1930"]
[BlackTeam "Luebecker SV von 1873 "]
[WhiteTeamCountry "GER"]
[BlackTeamCountry "GER"]

1. e4 c5 2. Nc3 Nc6 3. g3 g6 4. Bg2 Bg7 5. d3 d6 6. f4 e5 7. Nf3 Nge7 8. O-O
O-O 9. Be3 Rb8 10. fxe5 Nxe5 11. Nxe5 Bxe5 12. Bh6 Re8 13. Bg5 Be6 14. Qf3 Qd7
15. Bh3 f6 16. Bxe6+ Qxe6 17. Bf4 Kg7 18. a4 b6 19. Nb5 Rb7 20. c3 a6 21. Na3
b5 22. axb5 axb5 23. Nc2 b4 24. Ra6 bxc3 25. bxc3 Reb8 26. Bxe5 Qxe5 27. Ne3
Qxc3 28. Rxd6 Ng8 29. Ng4 Rb1 30. Rd7+ Kh8 31. Rxb1 Rxb1+ 32. Kg2 Rb2+ 33. Nf2
Qe5 34. Qf4 Qxf4 1/2-1/2

[Event "Bundesliga 0102"]
[Site "Deutschland"]
[Date "2002.04.14"]
[Round "13.8"]
[White "Hector, Jonny"]
[Black "Thiel, Thomas"]
[Result "1-0"]
[WhiteElo "2552"]
[BlackElo "2314"]
[PlyCount "47"]
[EventDate "2001.10.06"]
[EventType "team"]
[EventRounds "15"]
[EventCountry "GER"]
[SourceTitle "Bundesliga 0102"]
[Source "DeepChess"]
[SourceDate "2005.01.01"]
[SourceVersion "1"]
[SourceVersionDate "2005.01.01"]
[SourceQuality "1"]
[WhiteTeam "Luebecker SV von 1873 "]
[BlackTeam "SV Wattenscheid 1930"]
[WhiteTeamCountry "GER"]
[BlackTeamCountry "GER"]

1. e4 e6 2. d4 d5 3. Nc3 Nf6 4. Bg5 Be7 5. e5 Nfd7 6. h4 Bxg5 7. hxg5 Qxg5 8.
Qd3 g6 9. Nf3 Qe7 10. Qe3 a6 11. O-O-O c5 12. dxc5 Qxc5 13. Qf4 Qf8 14. g4 Nc6
15. Bg2 b5 16. Ng5 h6 17. Nge4 g5 18. Nf6+ Nxf6 19. Qxf6 Ne7 20. Nxd5 exd5 21.
Bxd5 Ra7 22. Bc6+ Bd7 23. Bxd7+ Rxd7 24. Qxa6 1-0

[Event "Bundesliga 0102"]
[Site "Deutschland"]
[Date "2002.04.14"]
[Round "13.1"]
[White "Lutz, Christopher"]
[Black "Pajeken, Wolfgang"]
[Result "1-0"]
[WhiteElo "2643"]
[BlackElo "2339"]
[PlyCount "127"]
[EventDate "2001.10.06"]
[EventType "team"]
[EventRounds "15"]
[EventCountry "GER"]
[SourceTitle "Bundesliga 0102"]
[Source "DeepChess"]
[SourceDate "2005.01.01"]
[SourceVersion "1"]
[SourceVersionDate "2005.01.01"]
[SourceQuality "1"]
[WhiteTeam "SG Porz e.V."]
[BlackTeam "SC Koenigsspringer 1984 Hamburg"]
[WhiteTeamCountry "GER"]
[BlackTeamCountry "GER"]

1. e4 e5 2. Nf3 Nc6 3. Bb5 a6 4. Ba4 Nf6 5. O-O Nxe4 6. d4 b5 7. Bb3 d5 8. dxe5
Be6 9. Nbd2 Bc5 10. Qe2 Bf5 11. Nxe4 Bxe4 12. c3 O-O 13. Bf4 Qd7 14. Rad1 Rad8
15. Nd4 Bxd4 16. cxd4 Na5 17. f3 Bg6 18. Rc1 Nc4 19. Rfd1 Rfe8 20. Qf2 a5 21.
Re1 a4 22. Bd1 c5 23. b3 axb3 24. axb3 cxd4 25. Qxd4 Na5 26. Qb6 Ra8 27. e6 Qa7
28. Qxa7 Rxa7 29. exf7+ Bxf7 30. Bd2 d4 31. Rxe8+ Bxe8 32. f4 g6 33. Ra1 Nc6
34. Rxa7 Nxa7 35. Be2 Bf7 36. b4 Bc4 37. Bf3 Kf7 38. Kf2 h5 39. Bc1 Nc8 40. Bb2
d3 41. f5 Ne7 42. fxg6+ Kxg6 43. Be4+ Kf7 44. Bc3 Nd5 45. Bd2 Nf6 46. Bf5 Ng4+
47. Kg3 Ne5 48. Kf4 Ng6+ 49. Ke3 Ne5 50. Ke4 Ng4 51. h3 Nf6+ 52. Kd4 Bd5 53. g3
Be6 54. Bxd3 Bxh3 55. Bxb5 Ke6 56. Bc6 Nd7 57. Bf3 Bg4 58. Bxg4+ hxg4 59. Bf4
Nf6 60. Be5 Nd7 61. Bc7 Nf6 62. b5 Kd7 63. Be5 Nh5 64. Kd5 1-0

[Event "Bundesliga 0102"]
[Site "Deutschland"]
[Date "2002.04.14"]
[Round "13.2"]
[White "Hochgraefe, Markus"]
[Black "Van Wely, Loek"]
[Result "0-1"]
[WhiteElo "2334"]
[BlackElo "2695"]
[PlyCount "110"]
[EventDate "2001.10.06"]
[EventType "team"]
[EventRounds "15"]
[EventCountry "GER"]
[SourceTitle "Bundesliga 0102"]
[Source "DeepChess"]
[SourceDate "2005.01.01"]
[SourceVersion "1"]
[SourceVersionDate "2005.01.01"]
[SourceQuality "1"]
[WhiteTeam "SC Koenigsspringer 1984 Hamburg"]
[BlackTeam "SG Porz e.V."]
[WhiteTeamCountry "GER"]
[BlackTeamCountry "GER"]

1. Nf3 Nf6 2. c4 e6 3. Nc3 d5 4. d4 c6 5. e3 Nbd7 6. Bd3 dxc4 7. Bxc4 b5 8. Bd3
a6 9. e4 c5 10. e5 cxd4 11. Nxb5 axb5 12. exf6 gxf6 13. O-O Qb6 14. Be4 Bb7 15.
Bxb7 Qxb7 16. Nxd4 Rg8 17. Qf3 Qxf3 18. Nxf3 Bc5 19. a3 Nb6 20. b3 Nd5 21. Bb2
Ke7 22. Rfc1 Rgc8 23. g3 Bd6 24. Rxc8 Rxc8 25. Nd4 Be5 26. f4 Bxd4+ 27. Bxd4
Kd6 28. a4 e5 29. fxe5+ fxe5 30. Bf2 Ra8 31. Kf1 Ra5 32. Be1 Ra6 33. Ke2 h5 34.
Kd3 f5 35. Bd2 Ke6 36. a5 h4 37. gxh4 f4 38. Rg1 Nf6 39. Ke2 Rd6 40. Bb4 Rc6
41. Ra1 Ra6 42. Bd2 Kf5 43. Rg1 Nd5 44. b4 Rh6 45. Rg5+ Ke4 46. h5 Ne7 47. Bc3
Nf5 48. Bd2 Nd4+ 49. Kd1 Nf3 50. Rg6 Rxh5 51. a6 Rxh2 52. Rd6 Nxd2 53. a7 Rh1+
54. Kxd2 Ra1 55. Rd7 f3 0-1

[Event "Bundesliga 0102"]
[Site "Deutschland"]
[Date "2002.04.14"]
[Round "13.3"]
[White "Sokolov, Ivan"]
[Black "Buhr, Carl Christian"]
[Result "1-0"]
[WhiteElo "2659"]
[BlackElo "2394"]
[PlyCount "69"]
[EventDate "2001.10.06"]
[EventType "team"]
[EventRounds "15"]
[EventCountry "GER"]
[SourceTitle "Bundesliga 0102"]
[Source "DeepChess"]
[SourceDate "2005.01.01"]
[SourceVersion "1"]
[SourceVersionDate "2005.01.01"]
[SourceQuality "1"]
[WhiteTeam "SG Porz e.V."]
[BlackTeam "SC Koenigsspringer 1984 Hamburg"]
[WhiteTeamCountry "GER"]
[BlackTeamCountry "GER"]

1. d4 d6 2. Nf3 g6 3. Bg5 c5 4. Nc3 Qa5 5. dxc5 Qxc5 6. Nd5 Be6 7. e4 Bxd5 8.
Qxd5 Qxd5 9. exd5 Nf6 10. Bb5+ Nbd7 11. Bxf6 exf6 12. O-O-O a6 13. Rhe1+ Kd8
14. Bxd7 Bh6+ 15. Kb1 Kxd7 16. c3 Rhe8 17. Kc2 f5 18. Kd3 Rxe1 19. Rxe1 Re8 20.
Rxe8 Kxe8 21. a4 Kd7 22. Kc4 Bg7 23. a5 Bf6 24. Ne1 Bd8 25. b4 h6 26. Nd3 Bc7
27. Kb3 Bd8 28. c4 Bc7 29. Ka4 Bd8 30. b5 axb5+ 31. cxb5 Kc7 32. b6+ Kb8 33.
Kb5 Bf6 34. Nb4 Bc3 35. Nc6+ 1-0

[Event "Bundesliga 0102"]
[Site "Deutschland"]
[Date "2002.04.14"]
[Round "13.4"]
[White "Voigt, Martin"]
[Black "Vaganian, Rafael A"]
[Result "0-1"]
[WhiteElo "2300"]
[BlackElo "2650"]
[PlyCount "62"]
[EventDate "2001.10.06"]
[EventType "team"]
[EventRounds "15"]
[EventCountry "GER"]
[SourceTitle "Bundesliga 0102"]
[Source "DeepChess"]
[SourceDate "2005.01.01"]
[SourceVersion "1"]
[SourceVersionDate "2005.01.01"]
[SourceQuality "1"]
[WhiteTeam "SC Koenigsspringer 1984 Hamburg"]
[BlackTeam "SG Porz e.V."]
[WhiteTeamCountry "GER"]
[BlackTeamCountry "GER"]

1. e4 e6 2. d4 d5 3. Nc3 Bb4 4. e5 c5 5. dxc5 Ne7 6. Nf3 Nbc6 7. Bd3 d4 8. a3
Ba5 9. b4 Nxb4 10. axb4 Bxb4 11. O-O Bxc3 12. Rb1 Qc7 13. Qe2 Nc6 14. Bf4 f5
15. Nd2 Bxd2 16. Qxd2 O-O 17. Bb5 Bd7 18. Rfd1 h6 19. h4 Rad8 20. Rb3 Na5 21.
Bxd7 Rxd7 22. Rg3 Kh7 23. h5 Qxc5 24. Rg6 Nc4 25. Qe2 Qd5 26. Rd3 Qe4 27. Qf3
Nxe5 28. Qg3 Qe1+ 29. Kh2 Ng4+ 30. Rxg4 fxg4 31. Qxg4 Qe4 0-1

[Event "Bundesliga 0102"]
[Site "Deutschland"]
[Date "2002.04.14"]
[Round "13.5"]
[White "Hansen, Curt"]
[Black "Von Buelow, Georg"]
[Result "1-0"]
[WhiteElo "2626"]
[BlackElo "2298"]
[PlyCount "63"]
[EventDate "2001.10.06"]
[EventType "team"]
[EventRounds "15"]
[EventCountry "GER"]
[SourceTitle "Bundesliga 0102"]
[Source "DeepChess"]
[SourceDate "2005.01.01"]
[SourceVersion "1"]
[SourceVersionDate "2005.01.01"]
[SourceQuality "1"]
[WhiteTeam "SG Porz e.V."]
[BlackTeam "SC Koenigsspringer 1984 Hamburg"]
[WhiteTeamCountry "GER"]
[BlackTeamCountry "GER"]

1. c4 Nf6 2. Nc3 c5 3. g3 d5 4. cxd5 Nxd5 5. Bg2 Nc7 6. Qb3 Nc6 7. Bxc6+ bxc6
8. Nf3 f6 9. Qa4 Qd7 10. d3 e5 11. Be3 Ne6 12. O-O Rb8 13. Rab1 Nd4 14. Rfc1 h5
15. Nh4 Rb4 16. Qd1 Kf7 17. Ne4 Qd5 18. Bd2 Rb6 19. e3 Ne6 20. Qf3 Ba6 21. Rc3
Bxd3 22. Rxd3 Qxd3 23. Rd1 Qc2 24. Bc3 Nd4 25. exd4 cxd4 26. Bd2 Rxb2 27. Kg2
Rxa2 28. Rc1 Qa4 29. Qf5 c5 30. Ng6 Rg8 31. Ng5+ Ke8 32. Qc8# 1-0

[Event "Bundesliga 0102"]
[Site "Deutschland"]
[Date "2002.04.14"]
[Round "13.6"]
[White "Wendt, Jan Dietrich"]
[Black "Graf, Alexander"]
[Result "0-1"]
[WhiteElo "2285"]
[BlackElo "2610"]
[PlyCount "128"]
[EventDate "2001.10.06"]
[EventType "team"]
[EventRounds "15"]
[EventCountry "GER"]
[SourceTitle "Bundesliga 0102"]
[Source "DeepChess"]
[SourceDate "2005.01.01"]
[SourceVersion "1"]
[SourceVersionDate "2005.01.01"]
[SourceQuality "1"]
[WhiteTeam "SC Koenigsspringer 1984 Hamburg"]
[BlackTeam "SG Porz e.V."]
[WhiteTeamCountry "GER"]
[BlackTeamCountry "GER"]

1. Nf3 g6 2. e4 Bg7 3. d4 d6 4. Nc3 Nf6 5. Be2 O-O 6. O-O a6 7. Bf4 Nc6 8. Re1
Bg4 9. d5 Bxf3 10. Bxf3 Ne5 11. Be2 b5 12. a3 c5 13. dxc6 Nxc6 14. Bf1 Nd7 15.
Qd2 Re8 16. Rab1 Rc8 17. Nd5 Nce5 18. b3 Nc5 19. f3 h5 20. Bg5 Ncd7 21. a4 Nb6
22. Be3 Nxd5 23. exd5 Qd7 24. axb5 axb5 25. Qa5 Rxc2 26. Qxb5 Qxb5 27. Bxb5 Rb8
28. Ba4 Nd3 29. Red1 Nb2 30. Rdc1 Re2 31. Ba7 Rb7 32. Kf1 Rd2 33. Be3 Rd3 34.
Ke2 Rb8 35. Rxb2 Rxe3+ 36. Kxe3 Bxb2 37. Rc7 Kf8 38. Kd3 Ba3 39. Rc4 Bc5 40.
Kc2 Ra8 41. Kb2 Bg1 42. Bc6 Ra6 43. h3 e5 44. Ra4 Rb6 45. b4 Kg7 46. b5 Rb8 47.
Kc3 f5 48. Kd3 Kf6 49. Ra1 Bc5 50. Ra4 Kg5 51. Ke2 h4 52. Kd3 Bd4 53. Ke2 Kf4
54. Rb4 Kg3 55. Kf1 Bc5 56. Rc4 Rf8 57. Rc3 Kf4 58. Rc4+ e4 59. Ke2 g5 60. Rc3
Rf7 61. fxe4 fxe4 62. Rb3 Bb6 63. Ra3 Ke5 64. Ra6 Bc5 0-1

[Event "Bundesliga 0102"]
[Site "Deutschland"]
[Date "2002.04.14"]
[Round "13.7"]
[White "Van den Doel, Erik"]
[Black "Lindner, Daniel"]
[Result "1-0"]
[WhiteElo "2607"]
[BlackElo "2215"]
[PlyCount "101"]
[EventDate "2001.10.06"]
[EventType "team"]
[EventRounds "15"]
[EventCountry "GER"]
[SourceTitle "Bundesliga 0102"]
[Source "DeepChess"]
[SourceDate "2005.01.01"]
[SourceVersion "1"]
[SourceVersionDate "2005.01.01"]
[SourceQuality "1"]
[WhiteTeam "SG Porz e.V."]
[BlackTeam "SC Koenigsspringer 1984 Hamburg"]
[WhiteTeamCountry "GER"]
[BlackTeamCountry "GER"]

1. e4 e5 2. Nf3 Nc6 3. Bb5 Nf6 4. Qe2 Be7 5. O-O d6 6. c3 O-O 7. h3 Bd7 8. d4
Re8 9. d5 Nb8 10. Bxd7 Nbxd7 11. c4 Nc5 12. Nc3 a5 13. Rb1 c6 14. b3 Bf8 15. a3
g6 16. Rd1 Qc7 17. Bg5 Bg7 18. Nd2 Nh5 19. Be3 Nf4 20. Qf1 Rf8 21. g3 Nh5 22.
Qe2 f5 23. exf5 Rxf5 24. Bxc5 dxc5 25. Nde4 b6 26. dxc6 Qxc6 27. Rd6 Qb7 28.
Nd5 Bf8 29. Rxb6 Qf7 30. Ne3 Qc7 31. Nd5 Qf7 32. Rd1 a4 33. Ne3 Qc7 34. Re6 Qc8
35. Red6 Rf7 36. Rd8 Qc6 37. Ng4 Re7 38. R1d6 Qb7 39. Nxc5 Qc7 40. Nh6+ Kh8 41.
Rxa8 Qxd6 42. Rxf8+ Kg7 43. Ne4 Qxa3 44. Rg8+ Kxh6 45. Qd2+ Nf4 46. gxf4 Qa1+
47. Kg2 Qd4 48. fxe5+ Qxd2 49. Nxd2 axb3 50. Nxb3 Rxe5 51. c5 1-0

[Event "Bundesliga 0102"]
[Site "Deutschland"]
[Date "2002.04.14"]
[Round "13.8"]
[White "Fjodorow, Peter"]
[Black "Bauer, Christian"]
[Result "0-1"]
[WhiteElo "2073"]
[BlackElo "2576"]
[PlyCount "46"]
[EventDate "2001.10.06"]
[EventType "team"]
[EventRounds "15"]
[EventCountry "GER"]
[SourceTitle "Bundesliga 0102"]
[Source "DeepChess"]
[SourceDate "2005.01.01"]
[SourceVersion "1"]
[SourceVersionDate "2005.01.01"]
[SourceQuality "1"]
[WhiteTeam "SC Koenigsspringer 1984 Hamburg"]
[BlackTeam "SG Porz e.V."]
[WhiteTeamCountry "GER"]
[BlackTeamCountry "GER"]

1. e4 e6 2. d3 d5 3. Nd2 Nf6 4. Ngf3 b6 5. g3 dxe4 6. dxe4 Bc5 7. Bg2 Ba6 8. c4
Qd3 9. Qb3 Qxb3 10. axb3 Bb7 11. Ne5 a5 12. Nd3 Na6 13. Ke2 O-O-O 14. f3 Bd4
15. Nf1 Nd7 16. Bg5 f6 17. Be3 Ndc5 18. Nxc5 Nxc5 19. Bxd4 Rxd4 20. Nd2 Rhd8
21. Rad1 f5 22. Rhf1 Ba6 23. h4 Nxb3 0-1

[Event "Bundesliga 0102"]
[Site "Deutschland"]
[Date "2002.04.14"]
[Round "13.1"]
[White "Movsesian, Sergei"]
[Black "Hickl, Joerg"]
[Result "1/2-1/2"]
[WhiteElo "2627"]
[BlackElo "2600"]
[PlyCount "39"]
[EventDate "2001.10.06"]
[EventType "team"]
[EventRounds "15"]
[EventCountry "GER"]
[SourceTitle "Bundesliga 0102"]
[Source "DeepChess"]
[SourceDate "2005.01.01"]
[SourceVersion "1"]
[SourceVersionDate "2005.01.01"]
[SourceQuality "1"]
[WhiteTeam "SF Neukoelln 03 e.V."]
[BlackTeam "Stuttgarter SF 1879"]
[WhiteTeamCountry "GER"]
[BlackTeamCountry "GER"]

1. e4 g6 2. d4 Bg7 3. c4 c5 4. d5 d6 5. Nc3 Nf6 6. Bd3 O-O 7. Nge2 Na6 8. O-O
Nc7 9. f3 a6 10. a4 e6 11. dxe6 Bxe6 12. Bg5 h6 13. Bf4 Qe7 14. Bc2 Rfd8 15. b3
Nh5 16. Be3 Kh7 17. a5 d5 18. cxd5 Bxd5 19. Qe1 Bc6 20. Qf2 1/2-1/2

[Event "Bundesliga 0102"]
[Site "Deutschland"]
[Date "2002.04.14"]
[Round "13.2"]
[White "Bunzmann, Dimitrij"]
[Black "Stohl, Igor"]
[Result "1/2-1/2"]
[WhiteElo "2509"]
[BlackElo "2533"]
[PlyCount "30"]
[EventDate "2001.10.06"]
[EventType "team"]
[EventRounds "15"]
[EventCountry "GER"]
[SourceTitle "Bundesliga 0102"]
[Source "DeepChess"]
[SourceDate "2005.01.01"]
[SourceVersion "1"]
[SourceVersionDate "2005.01.01"]
[SourceQuality "1"]
[WhiteTeam "Stuttgarter SF 1879"]
[BlackTeam "SF Neukoelln 03 e.V."]
[WhiteTeamCountry "GER"]
[BlackTeamCountry "GER"]

1. d4 Nf6 2. Nf3 e6 3. c4 b6 4. g3 Bb7 5. Bg2 Be7 6. O-O O-O 7. Nc3 Ne4 8. Nxe4
Bxe4 9. Bf4 d6 10. Qd2 Nd7 11. Rfd1 a5 12. Rac1 Qb8 13. Bh3 Nf6 14. Ne1 Bb7 15.
Qc2 c5 1/2-1/2

[Event "Bundesliga 0102"]
[Site "Deutschland"]
[Date "2002.04.14"]
[Round "13.3"]
[White "Berndt, Stephan"]
[Black "Buhmann, Rainer"]
[Result "1/2-1/2"]
[WhiteElo "2479"]
[BlackElo "2498"]
[PlyCount "97"]
[EventDate "2001.10.06"]
[EventType "team"]
[EventRounds "15"]
[EventCountry "GER"]
[SourceTitle "Bundesliga 0102"]
[Source "DeepChess"]
[SourceDate "2005.01.01"]
[SourceVersion "1"]
[SourceVersionDate "2005.01.01"]
[SourceQuality "1"]
[WhiteTeam "SF Neukoelln 03 e.V."]
[BlackTeam "Stuttgarter SF 1879"]
[WhiteTeamCountry "GER"]
[BlackTeamCountry "GER"]

1. e4 e6 2. d4 d5 3. Nc3 Nf6 4. e5 Nfd7 5. f4 c5 6. Nf3 Nc6 7. Be3 cxd4 8. Nxd4
Bc5 9. Qd2 O-O 10. O-O-O a6 11. h4 Nxd4 12. Bxd4 b5 13. Rh3 b4 14. Na4 Bxd4 15.
Qxd4 a5 16. Bb5 Rb8 17. Bd3 Nb6 18. Nc5 Nd7 19. Na4 Nb6 20. Nc5 Nd7 21. h5 Qb6
22. Nxd7 Bxd7 23. Qxb6 Rxb6 24. h6 g6 25. Re3 f6 26. exf6 Rxf6 27. g3 Bb5 28.
Bxb5 Rxb5 29. a3 Kf7 30. axb4 Rxb4 31. Rc3 Rb7 32. Rc8 Ke7 33. c4 dxc4 34. Rd4
Rf5 35. Rdxc4 Rd7 36. Rh8 Kd6 37. Rd4+ Rd5 38. Rxd5+ Kxd5 39. Rg8 Rc7+ 40. Kd2
Rb7 41. Kc2 a4 42. Rg7 Rb3 43. Rxh7 Rxg3 44. Re7 Rh3 45. h7 Kd6 46. Rg7 Kd5 47.
Re7 Kd6 48. Rg7 Kd5 49. Re7 1/2-1/2

[Event "Bundesliga 0102"]
[Site "Deutschland"]
[Date "2002.04.14"]
[Round "13.4"]
[White "Duppel, Matthias"]
[Black "Brynell, Stellan"]
[Result "1/2-1/2"]
[WhiteElo "2455"]
[BlackElo "2486"]
[PlyCount "123"]
[EventDate "2001.10.06"]
[EventType "team"]
[EventRounds "15"]
[EventCountry "GER"]
[SourceTitle "Bundesliga 0102"]
[Source "DeepChess"]
[SourceDate "2005.01.01"]
[SourceVersion "1"]
[SourceVersionDate "2005.01.01"]
[SourceQuality "1"]
[WhiteTeam "Stuttgarter SF 1879"]
[BlackTeam "SF Neukoelln 03 e.V."]
[WhiteTeamCountry "GER"]
[BlackTeamCountry "GER"]

1. d4 e6 2. e4 d5 3. Nc3 Nf6 4. Bg5 Be7 5. e5 Nfd7 6. Bxe7 Qxe7 7. f4 O-O 8.
Nf3 c5 9. Qd2 Nc6 10. dxc5 Qxc5 11. Bd3 Nb6 12. Qf2 Qxf2+ 13. Kxf2 f6 14. exf6
gxf6 15. Rad1 Kg7 16. Rhe1 a6 17. Bf1 Bd7 18. f5 e5 19. Nxd5 Nxd5 20. Rxd5 Bxf5
21. c4 Rfd8 22. Red1 Kf7 23. Rxd8 Rxd8 24. Rxd8 Nxd8 25. b4 Nc6 26. a3 a5 27.
b5 Nb8 28. Ke3 Nd7 29. Nh4 Bg6 30. g4 Nc5 31. Bg2 b6 32. Bd5+ Ke7 33. Nf3 Kd6
34. Nd2 h6 35. Nf1 Nb3 36. Ng3 Nd4 37. Kd2 Kc5 38. Kc3 Nxb5+ 39. cxb5 Kxd5 40.
a4 Be4 41. Nh5 Ke6 42. Kd2 f5 43. Ng3 Bb1 44. gxf5+ Bxf5 45. Kc3 Bg4 46. Ne4
Bd1 47. Kb2 Kf5 48. Nc3 Bf3 49. Kc2 Kg4 50. Kd3 Kf4 51. Kd2 h5 52. Kd3 e4+ 53.
Kd2 e3+ 54. Kd3 e2 55. Nxe2+ Bxe2+ 56. Kxe2 Ke4 57. Kf2 Kd4 58. Kf3 Kc4 59. Ke4
Kb4 60. Kd5 Kxa4 61. Kc6 Kb3 62. Kxb6 1/2-1/2

[Event "Bundesliga 0102"]
[Site "Deutschland"]
[Date "2002.04.14"]
[Round "13.5"]
[White "Borriss, Martin"]
[Black "Zeller, Frank"]
[Result "1-0"]
[WhiteElo "2445"]
[BlackElo "2442"]
[PlyCount "85"]
[EventDate "2001.10.06"]
[EventType "team"]
[EventRounds "15"]
[EventCountry "GER"]
[SourceTitle "Bundesliga 0102"]
[Source "DeepChess"]
[SourceDate "2005.01.01"]
[SourceVersion "1"]
[SourceVersionDate "2005.01.01"]
[SourceQuality "1"]
[WhiteTeam "SF Neukoelln 03 e.V."]
[BlackTeam "Stuttgarter SF 1879"]
[WhiteTeamCountry "GER"]
[BlackTeamCountry "GER"]

1. e4 c5 2. Nf3 e6 3. d4 cxd4 4. Nxd4 a6 5. Bd3 Nf6 6. O-O d6 7. c4 b6 8. Nc3
Bb7 9. f4 Nbd7 10. Qe2 g6 11. f5 Qe7 12. fxe6 fxe6 13. Nf3 Bg7 14. Bf4 Ng4 15.
Qd2 O-O 16. Be2 Nde5 17. Rad1 Rad8 18. Bg5 Bf6 19. Bxf6 Nxf3+ 20. Rxf3 Nxf6 21.
Rd3 Nxe4 22. Nxe4 Bxe4 23. Rxd6 Rxd6 24. Qxd6 Qf6 25. Rf1 Bf5 26. Qxb6 Qe5 27.
Qf2 Rd8 28. Rd1 Rf8 29. Rf1 Rd8 30. Rd1 Rf8 31. Bf3 Bg4 32. Qd4 Qxd4+ 33. Rxd4
Bxf3 34. gxf3 Rxf3 35. c5 Kf7 36. c6 Ke7 37. Rd7+ Ke8 38. Ra7 Kd8 39. Rxa6 Rd3
40. b4 Kc7 41. b5 Rd2 42. Ra7+ Kb8 43. b6 1-0

[Event "Bundesliga 0102"]
[Site "Deutschland"]
[Date "2002.04.14"]
[Round "13.6"]
[White "Niklasch, Oliver"]
[Black "Polzin, Rainer"]
[Result "1/2-1/2"]
[WhiteElo "2349"]
[BlackElo "2469"]
[PlyCount "37"]
[EventDate "2001.10.06"]
[EventType "team"]
[EventRounds "15"]
[EventCountry "GER"]
[SourceTitle "Bundesliga 0102"]
[Source "DeepChess"]
[SourceDate "2005.01.01"]
[SourceVersion "1"]
[SourceVersionDate "2005.01.01"]
[SourceQuality "1"]
[WhiteTeam "Stuttgarter SF 1879"]
[BlackTeam "SF Neukoelln 03 e.V."]
[WhiteTeamCountry "GER"]
[BlackTeamCountry "GER"]

1. d4 Nf6 2. c4 g6 3. g3 Bg7 4. Bg2 O-O 5. Nc3 d6 6. Nf3 Nbd7 7. O-O e5 8. e4
a6 9. h3 b5 10. cxb5 axb5 11. b4 c5 12. dxc5 dxc5 13. a4 Bb7 14. Ba3 Nxe4 15.
Nxb5 Bc6 16. bxc5 Qa5 17. Ng5 Ndf6 18. Nxe4 Nxe4 19. Qc2 1/2-1/2

[Event "Bundesliga 0102"]
[Site "Deutschland"]
[Date "2002.04.14"]
[Round "13.7"]
[White "Poldauf, Dirk"]
[Black "Lorscheid, Gerhard"]
[Result "0-1"]
[WhiteElo "2403"]
[BlackElo "2319"]
[PlyCount "98"]
[EventDate "2001.10.06"]
[EventType "team"]
[EventRounds "15"]
[EventCountry "GER"]
[SourceTitle "Bundesliga 0102"]
[Source "DeepChess"]
[SourceDate "2005.01.01"]
[SourceVersion "1"]
[SourceVersionDate "2005.01.01"]
[SourceQuality "1"]
[WhiteTeam "SF Neukoelln 03 e.V."]
[BlackTeam "Stuttgarter SF 1879"]
[WhiteTeamCountry "GER"]
[BlackTeamCountry "GER"]

1. c4 g6 2. Nc3 Bg7 3. g3 d6 4. Bg2 Nf6 5. d4 O-O 6. Nf3 c6 7. O-O Qa5 8. h3
Be6 9. Nd2 Qa6 10. d5 cxd5 11. cxd5 Bd7 12. Nb3 Ba4 13. Be3 Nbd7 14. Qb1 Ne5
15. Nd2 Bd7 16. b3 Rfc8 17. Bd4 Ne8 18. Rc1 Nd3 19. Bxg7 Nxc1 20. Qxc1 Nxg7 21.
Qb2 Rc7 22. Re1 Rac8 23. Ndb1 Qb6 24. e4 Qd4 25. Rd1 Qf6 26. Rd3 Ne8 27. f4 Qg7
28. Qd2 b5 29. b4 Rc4 30. a3 f5 31. Kh2 Nf6 32. e5 dxe5 33. fxe5 Ne4 34. Bxe4
fxe4 35. Re3 Qxe5 36. Qe1 Bf5 37. Kg2 h5 38. Qd2 e6 39. Qe1 R8c7 40. Qd2 Rd7
41. Qe2 Rdc7 42. Qd2 Kh7 43. Qe1 g5 44. Qf2 Bg6 45. Qe1 Rc8 46. Kg1 Rf8 47. Qe2
Kh6 48. Qe1 Qd4 49. Kg2 Rf3 0-1

[Event "Bundesliga 0102"]
[Site "Deutschland"]
[Date "2002.04.14"]
[Round "13.8"]
[White "Heinatz, Thomas"]
[Black "Rudolf, Henrik"]
[Result "0-1"]
[WhiteElo "2310"]
[BlackElo "2328"]
[PlyCount "126"]
[EventDate "2001.10.06"]
[EventType "team"]
[EventRounds "15"]
[EventCountry "GER"]
[SourceTitle "Bundesliga 0102"]
[Source "DeepChess"]
[SourceDate "2005.01.01"]
[SourceVersion "1"]
[SourceVersionDate "2005.01.01"]
[SourceQuality "1"]
[WhiteTeam "Stuttgarter SF 1879"]
[BlackTeam "SF Neukoelln 03 e.V."]
[WhiteTeamCountry "GER"]
[BlackTeamCountry "GER"]

1. e4 g6 2. d4 Bg7 3. Nc3 d6 4. f4 Nf6 5. e5 Nfd7 6. Nf3 c5 7. exd6 O-O 8. Be3
exd6 9. Qd2 Nc6 10. O-O-O Qa5 11. Kb1 Nf6 12. h3 Bf5 13. g4 Ne4 14. Nxe4 Bxe4
15. Qxa5 Nxa5 16. Bg2 Nc4 17. Bf2 Rfe8 18. Rhe1 Rac8 19. Nh4 d5 20. Bxe4 dxe4
21. Ng2 f5 22. c3 cxd4 23. Bxd4 Bxd4 24. Rxd4 Red8 25. Red1 Rxd4 26. Rxd4 Kf7
27. b3 Nb6 28. Kb2 Ke6 29. Ne3 Rc7 30. c4 Rd7 31. Kc3 h6 32. Rxd7 Nxd7 33.
gxf5+ gxf5 34. Kd4 Nf6 35. b4 Nh5 36. Nd5 Ng3 37. a4 Ne2+ 38. Ke3 Nc1 39. a5
Nb3 40. Nc7+ Kd7 41. Nb5 a6 42. Nc3 Nc1 43. Nd5 Nd3 44. h4 Ne1 45. h5 Ke6 46.
Kd4 Nd3 47. b5 Kd6 48. b6 Nc5 49. Kc3 Ne6 50. Kb4 Nd4 51. Ne3 Nc6+ 52. Ka4 Kc5
53. Kb3 Kd4 54. Nxf5+ Kd3 55. Ng3 Nxa5+ 56. Kb4 Nxc4 57. Kc5 a5 58. f5 a4 59.
f6 Ne5 60. Kb4 e3 61. Kxa4 e2 62. Nxe2 Kxe2 63. Kb4 Kf3 0-1